|
|
|
|
| LEADER |
00000cam a2200000 7i4500 |
| 001 |
0000001552 |
| 005 |
20010801.0 |
| 090 |
0 |
0 |
|a 634.975
|b PAU 1972
|
| 100 |
1 |
0 |
|a PAUL
|h D. K.
|
| 245 |
1 |
2 |
|a A handbook of nursery practice for pinus caribaea var. hondurensis and other conifers in West Malaysia
|c by D. K. Paul
|
| 260 |
0 |
0 |
|a Kuala Lumpur :
|b UNDP ,
|c 1972
|
| 300 |
|
|
|a xi, 139 p. :
|b ill. ;
|c 28 cm.
|
| 440 |
0 |
0 |
|a Working paper ; n. 19
|
| 500 |
0 |
0 |
|a Bibliography : p. 137-139
|
| 650 |
0 |
0 |
|a Conifers
|z Peninsular Malaysia
|
| 650 |
0 |
0 |
|a Pinus caribaea
|z Peninsular Malaysia
|
| 998 |
|
|
|a JPSM
|
| 999 |
|
|
|a 0000003902
|b Monograph
|c Open Shelf
|e Default branch
|
| 999 |
|
|
|a 0000003903
|b Monograph
|c Open Shelf
|e Default branch
|
| 999 |
|
|
|a 0000003904
|b Monograph
|c Open Shelf
|e Default branch
|
| 999 |
|
|
|a 0000003919
|b Monograph
|c Open Shelf
|e Default branch
|